000 00571cam a22002291 4500
001 sa 65000264
003 DLC
005 20260227112102.0
008 900110s1962 ii 000 0 orio
010 _asa 65000264
035 _a(OCoLC)20870899
040 _aDLC
_cWaU
_dDLC
042 _apremarc
043 _aa-ii---
050 0 0 _aPK2571
_b.D33
100 1 _aDāśa, Sarbeśvara,
_d1918-2009.
245 1 0 _aSāhitya sandarśana.
260 _c[1962?]
300 _a143 p.
_c18 cm.
500 _aIn Oriya.
650 0 _aOriya literature
_xHistory and criticism.
999 _c61463
_d61463